00821cam a2200229 a 450000100100000000500170001000800410002702000150006804000200008308200170010310000360012024500600015626000340021630000210025049000360027165000280030765000420033583000460037791000330042395201200045699900150057600000776820200929154307.0890803s1989 sp 001 f spa  a8433917765 aDO-SdBNPdBNPHU a863.64bZ38r1 aZarraluki, Pedro,d1954-92146010aRetrato de familia con catástrofe /cPedro Zarraluki. aBarcelona :bAnagrama,c1989. a189 p. ;c20 cm.1 aNarrativas hispánicasvno. 76 4aNovela española91123 4aLiteratura españolaySIGLO XX93326 0aNarrativas hispánicas ;vno. 76.921236 aCatalogación derivada / LC 001052708MOaGRbGRcCTd2009-09-10iLF1l0o863.64 Z38rp7768-10r2020-06-25w2020-06-25y2ZPréstamo interno c7546d7546